LEADER 01195nas a2200205 i 4500 001 000000258521 003 CaOOAMICUS 005 20180517000000.0 008 180517b1739 xx uu u0 0fre r 013 $a237429 040 $aSeMil$bita 245 10$aPièces qui ont remporté les prix de l'Académie royale des sciences, en 1738. selon la fondation faite par feu M. Rouille de Meslay, .. 260 $aA Paris :$bDe l' Imprimerie Royale,$c1739. 300 $a217, [3] p. ;$c4°. 710 2 $aImprimerie Royale$b.$0(OLS)http://semarc/name/13850 773 0 $tRecueil des pieces qui ont remporté les prix de l'Academie royale des sciences, depuis leur fondation...$dA Paris, rue S. Jacques : Chez Claude Jombert au coin de la ruë des Mathurins, à l'image de Notre-Dame, 1720-1772.$w()10229 850 $aSeMil 852 $aSeMil$W1$xVenegono$y1$m3W VI 87 FA$j208867$B208867$CSeMilBibl$Z2$F222569 $8I 996 $6245$aPièces qui ont remporté les prix de l'Académie royale des sciences, en 1738. selon la fondation faite par feu M. Rouille de Meslay, ..$9(OLS)http://semarc/title/413467 996 $6260$aA Paris :$bDe l' Imprimerie Royale$9(OLS)http://semarc/publisher/32813 LEADER 00849nas a2200229 i 4500 001 000000240279 003 CaOOAMICUS 005 20150326000000.0 008 150326b1855 xx uu u0 0lat r 013 $a219184 040 $aSeMil$bita 245 10$a1855. 260 $aMilano :$bAgnelli Jacobus Impress. Archiep.,$c1855. 300 $a44 p. ;$c21 cm. 500 $aFondo card. C. M. Martini. 773 0 $tCalendarium Ambrosianum.$dMediolani : Typis Galeatium & filios impressores archiepiscopales, 1800-1969.$w()2075 850 $aSeMil 852 $aSeMil$W1$xVenegono$y1$m203 4 1/56$j190625$B190625$CSeMilBibl$Z2$F201476 $85 941 1 $a4 961 $aLascito: Martini Card. Carlo Maria 996 $6245$a1855$9(OLS)http://semarc/title/276386 996 $6260$aMilano :$bAgnelli Jacobus Impress. Archiep.$9(OLS)http://semarc/publisher/44629 LEADER 01354nam a2200301 i 4500 001 000000073547 003 CaOOAMICUS 005 20110505000000.0 008 110505s1994 it u000 u ita u 013 $a44719 020 $a88-420-4491-1 040 $aSeMil$bita 100 1 $aBanniard, Michel.$0(OLS)http://semarc/name/24106 240 10$aGenèse culturelle de l'Europe : 5.-8. siècle.$0(OLS)http://semarc/title/118764 245 13$aLa genesi culturale dell'Europa :$b5.-8. secolo /$cMichel Banniard ; prefazione di Pierre Bonnassie. 260 $aBari :$bLaterza & Figli,$c1994. 300 $aX, 246 p. :$b[3] cartine geogr. ;$c22 cm. 490 0 $aStoria e società 500 $aContiene : Taglio cronologico : riferimenti storici 400-800 ; Bibliografia. 650 4$aEuropa - Cultura.$0(OLS)http://semarc/subject/6110 700 1 $aBonnassie, Pierre.$0(OLS)http://semarc/name/36347 830 0$aStoria e società.$0(OLS)http://semarc/title/2818 850 $aSeMil 852 $aSeMil$W1$xVenegono$y1$m3WA III 21$j39699$B39699$CSeMilBibl$Z2$F39703 $81 961 $aAcquisto: Città Nuova 996 $6020$a88-420-4491-1$9(OLS)http://semarc/number/53044 996 $6245$aLa genesi culturale dell'Europa :$b5.-8. secolo$9(OLS)http://semarc/title/118763 996 $6260$aBari :$bLaterza & Figli$9(OLS)http://semarc/publisher/29663